000 00636nam a22001937a 4500
005 20251108164301.0
008 250721s1994 xx 000 0 ara d
082 1 4 _a629.04/علي
100 1 _aحسن، علي محمد عبد المنعم
245 1 0 _aهندسة النقل و المرور :
_bمبادىء تخطيط النقل و المرور داخل المدن /
264 1 _aعمان :
_bمكتبة الراتب العلمية،
_c1994.
300 _a210ص
490 0 _aسلاسل سوفنير
650 1 7 _aالنقل
650 1 7 _aهندسة المرور
650 1 7 _aالطرق
942 _2ddc
_cBK
999 _c8317
_d8317